3 Clubs - 1 joueur #6 - Statistiques

Statistiques générales
  • Ce quiz a été pris 156 fois
  • Le résultat moyen est 5 sur 10
Statistiques - réponses
Clubs Joueur % Correct
Milan AC - Olympique Lyonnais - West Ham United Lucas Paqueta
80%
Bordeaux - Barcelone FC - Zénith Saint-Pétersbourg Malcolm
65%
Juventus FC - Barcelone FC - New York Red Bulls Thierry Henry
65%
LOSC Lille - Valence CF - ESTAC Troyes Adil rami
53%
Bayern Munich - Bayer Leverkusen - Real Madrid Toni Kroos
51%
Bayer Leverkusen - Chelsea FC - Arsenal FC Kai Havertz
40%
Bayer Leverkusen - Juventus FC - Bayern Munich Arturo Vidal
34%
AS Monaco - Barcelone FC - Manchester City Yaya Touré
32%
Swansea City - Manchester City - Stoke City Wilfried Bony
24%
Manchester City - Inter Milan - AS Monaco Stevan Jovetic
15%
Aucun quiz correspondant
Distribution des résultats
% des personnes avec chaque résultat
Percentile par nombre de réponses
Votre historique - résultats
Vous n’avez pas pris ce quiz